| 000 | 00000nam 2200000za 4500 |
| 001 | 9.803494 |
| 003 | CaOODSP |
| 005 | 20240612102708 |
| 007 | cr ||||||||||| |
| 008 | 150814s2015 onc o f000 0 fre d |
| 040 | |aCaOODSP|bfre |
| 043 | |an-cn--- |
| 086 | 1 |aRv55-5/2015-029F-PDF |
| 245 | 00|aProgramme de dossiers pour contenants (PDC) |h[ressource électronique]. |
| 260 | |aOttawa : |bAgence des services frontaliers du Canada, |c2015. |
| 300 | |a6 p. |
| 490 | 1 |aAvis des douanes ; |v15-029 |
| 500 | |aPublié aussi en anglais sous le titre : Container Bank Program (CBP). |
| 500 | |a« Ottawa, le 24 juillet 2015. » |
| 520 | |aLe présent avis des douanes fournit des renseignements à l’égard du Programme de dossiers pour contenants (PDC). |
| 692 | 07|2gccst|aEmballage |
| 692 | 07|2gccst|aImportation |
| 692 | 07|2gccst|aExportation |
| 692 | 07|2gccst|aDouanes |
| 710 | 2 |aAgence des services frontaliers du Canada. |
| 775 | 08|tContainer Bank Program (CBP) |w(CaOODSP)9.803493 |
| 830 | #0|aAvis des douanes ;|v15-029|w(CaOODSP)9.501143 |
| 856 | 40|qPDF|s72 Ko|uhttps://publications.gc.ca/collections/collection_2015/asfc-cbsa/Rv55-5-2015-029-fra.pdf |